Statistiques concernant Equipe Stade Brestois 2022-2023

Cliquez ici pour prendre le quiz!

Statistiques générales

  • Ce quiz a été pris 42 fois
  • Le résultat moyen est 20 sur 24

Statistiques - réponses

PostePaysJoueur% Correct
AFranceFranck Honorat
97%
GPays-BasMarco Bizot
97%
ABéninSteve Mounié
97%
MAlgérieHaris Belkebla
94%
DFranceJean-Kévin Duverne
94%
DMarocAchraf Dari
91%
MFranceHugo Magnetti
91%
AAlgérieIslam Slimani
91%
AFranceJérémy Le Douaron
91%
DFranceBrendan Chardonnet
88%
DFinlandeJere Uronen
88%
AAngleterreKaramoko Dembélé
88%
DFranceLilian Brassier
88%
AFranceRomain Del Castillo
88%
MFrancePierre Lees-Melou
85%
MFranceMahdi Camara
79%
GFranceGrégoire Coudert
76%
DFranceChristophe Hérelle
74%
AFranceAxel Camblan
71%
GArgentineJoaquin Blazquez
71%
MFranceMathias Pereira Lage
65%
DSénégalNoah Fadiga
62%
AFranceIrvin Cardona
59%
AFranceTaïryk Arconte
56%

Distribution des résultats

Percentile par nombre de réponses

% des personnes avec chaque résultat

Votre développement - résultats

Vous n’avez pas pris ce quiz